LEADER 01190nam--2200385---4500 001 990000508130203316 005 20060821101039.0 035 $a0050813 035 $aUSA010050813 035 $a(ALEPH)000050813USA01 035 $a0050813 100 $a20010614d1996----km-y0ENGy0103----ba 101 $aita 102 $aIT 200 1 $aScienza della terra e filatelia$emetodi e mezzi per la conoscenza e la rappresentazione della terra$fAntonio Coppola 210 $aFirenze$cIstituto geografico militare$d1996 215 $a131 p.$d26 cm 300 $aSuppl. a L'universo, 1996, n. 2 410 $12001 606 0 $aFrancobolli 606 0 $aTerra nei francobolli 676 $a769.56 700 1$aCOPPOLA,$bAntonio$082595 801 0$aIT$bsalbc$gISBD 912 $a990000508130203316 951 $aIII.1. 92(VARIE 644)$b134950 LM$cVARIE 959 $aBK 969 $aUMA 979 $aPATTY$b90$c20010614$lUSA01$h1200 979 $c20020403$lUSA01$h1659 979 $aPATRY$b90$c20040406$lUSA01$h1635 979 $aCOPAT3$b90$c20050218$lUSA01$h1121 979 $aCOPAT6$b90$c20060821$lUSA01$h1010 996 $aScienza della terra e filatelia$9674591 997 $aUNISA LEADER 02254 am 22006013u 450 001 9910140194103321 005 20230621141501.0 010 $a1-925021-01-7 035 $a(CKB)2670000000497852 035 $a(EBL)4585026 035 $a(MiAaPQ)EBC4585026 035 $a(WaSeSS)IndRDA00058692 035 $a(oapen)https://directory.doabooks.org/handle/20.500.12854/31389 035 $a(EXLCZ)992670000000497852 100 $a20160719h20152015 uy 0 101 0 $aeng 135 $aurbn#---||||| 181 $ctxt$2rdacontent 182 $cc$2rdamedia 183 $acr$2rdacarrier 200 10$aTen journeys to Cameron's farm $ean Australian tragedy /$fCameron Hazlehurst 210 $aCanberra$cANU Press$d2013 210 1$aActon, Australia :$cANU Press,$d[2015] 210 4$dİ2015 215 $a1 online resource (682 pages) $cillustrations 311 08$aPrint version: 9781925021004 320 $aIncludes bibliographical references. 330 $aTen Journeys to Camerons Farm tells the lives of the ten men who perished in Duncan Camerons Canberra property on 13 August 1940: three Cabinet ministers, the Chief of the General Staff, two senior staff members, and the RAAF crew of four. The inquiries into the accident, and the aftermath for the Air Force, government, and bereaved families are examined. Controversial allegations are probed: did the pilot F/Lt Bob Hitchcock cause the crash or was the Minister for Air Jim Fairbairn at the controls? 606 $aWorld War, 1939-1945$zAustralia 606 $aAircraft accidents$zAustralia 607 $aAustralia$xPolitics and government 610 $aaircraft accidents 610 $abiography 610 $amenzies 610 $arobert 610 $asir 610 $a1894-1978 610 $aAustralia 610 $aCanberra 610 $aMelbourne 610 $aRoyal Australian Air Force 615 0$aWorld War, 1939-1945 615 0$aAircraft accidents 676 $a320.994 23 700 $aHazlehurst$b Cameron$0802235 801 0$bMiAaPQ 801 1$bMiAaPQ 801 2$bMiAaPQ 801 2$bUkMaJRU 906 $aBOOK 912 $a9910140194103321 996 $aTen Journeys to Cameron?s Farm$91803487 997 $aUNINA